| 000 | 00462nam a22001697a 4500 | ||
|---|---|---|---|
| 003 | NUST - PNEC | ||
| 005 | 20170116180836.0 | ||
| 008 | 150805b xxu||||| |||| 00| 0 eng d | ||
| 020 | _a0070088713 | ||
| 040 | _cLIBRARY | ||
| 082 | _a530 BUE | ||
| 100 |
_94942 _aBueche, Frederick J. |
||
| 245 |
_aIntroduction to physics for scientists and engineers _cFrederick J. Bueche |
||
| 250 | _aFourth Edition | ||
| 650 |
_94944 _aPhysics _xME / MIS |
||
| 942 |
_2ddc _cBK |
||
| 999 |
_c64198 _d64198 |
||